[Event "Karpov Trophy XVI 2018"]
[Site "Cap d/^Agde"]
[Date "2018.10.30"]
[Round "5"]
[White "Molano, Juan Pablo"]
[Black "Gautier, Anand"]
[Result "0-1"]
[WhiteElo "2142"]
[BlackElo "2254"]
[Annotator "ChessBase"]
[PlyCount "106"]
[EventDate "2018.10.27"]
[EventCountry "FRA"]
[SourceTitle "playchess.com"]
[Source "ChessBase"]
[SourceQuality "1"]
[TimeControl "5400+30"]

1. f4 {[%emt 0:06:17]} Nf6 {[%emt 0:00:53]} 2. Nf3 {[%emt 0:00:02]} c5 {[%emt 0:00:21]} 3. d3 {[%emt 0:00:07]} d5 {[%emt 0:02:06]} 4. g3 {[%emt 0:00:07]} g6 {[%emt 0:02:19]} 5. Bg2 {[%emt 0:00:02]} Bg7 {[%emt 0:00:54]} 6. c3 {[%emt 0:00:04]} O-O {[%emt 0:02:57]} 7. O-O {[%emt 0:00:04]} Nc6 {[%emt 0:04:20]} 8. Na3 {[%emt 0:00:03]} d4 {[%emt 0:05:13]} 9. Bd2 {[%emt 0:02:20]} Nd5 {[%emt 0:02:13]} 10. Qc1 {[%emt 0:01:51]} Bg4 {[%emt 0:13:52]} 11. e4 {[%emt 0:10:00]} Nb6 {[%emt 0:08:05]} 12. c4 {[%emt 0:00:35]} Qd7 {[%emt 0:01:40]} 13. Nc2 {[%emt 0:07:25]} a5 {[%emt 0:01:07]} 14. a4 {[%emt 0:00:17]} e5 {[%emt 0:02:57]} 15. b3 {[%emt 0:01:20]} f5 {[%emt 0:04:37]} 16. Nfe1 {[%emt 0:29:16]} fxe4 {[%emt 0:05:57]} 17. Bxe4 {[%emt 0:00:11]} Nc8 {[%emt 0:02:55]} 18. Nf3 {[%emt 0:06:03]} Nd6 {[%emt 0:04:48]} 19. Bd5+ {[%emt 0:05:42]} Kh8 {[%emt 0:01:02]} 20. Nce1 {[%emt 0:06:52]} Rae8 {[%emt 0:05:00]} 21. fxe5 {[%emt 0:11:36]} Nxe5 {[%emt 0:04:32]} 22. Nxe5 {[%emt 0:00:30]} Rxf1+ {[%emt 0:00:30]} 23. Kxf1 {[%emt 0:00:30]} Bxe5 {[%emt 0:00:30]} 24. Kg1 {[%emt 0:00:30]} Nf5 {[%emt 0:00:30]} 25. Nf3 {[%emt 0:00:30]} Bg7 {[%emt 0:00:30]} 26. Ng5 {[%emt 0:00:30]} h6 {[%emt 0:00:30]} 27. Ne4 {[%emt 0:00:30]} Ne3 {[%emt 0:00:30]} 28. Nxc5 {[%emt 0:00:30]} Qf5 {[%emt 0:00:30]} 29. Ne4 {[%emt 0:00:30]} Rf8 {[%emt 0:00:30]} 30. Bxe3 {[%emt 0:00:30]} dxe3 {[%emt 0:00:30]} 31. Qxe3 {[%emt 0:00:30]} Bh3 {[%emt 0:00:30]} 32. Nf2 {[%emt 0:00:30]} Qxf2+ {[%emt 0:00:30]} 33. Qxf2 {[%emt 0:00:30]} Rxf2 {[%emt 0:00:30]} 34. Kxf2 {[%emt 0:00:30]} Bxa1 {[%emt 0:00:30]} 35. Bxb7 {[%emt 0:00:30]} Bd4+ {[%emt 0:00:30]} 36. Kf3 {[%emt 0:00:30]} Bf5 {[%emt 0:00:30]} 37. Be4 {[%emt 0:00:30]} Kg7 {[%emt 0:00:30]} 38. g4 {[%emt 0:00:30]} Be6 {[%emt 0:00:30]} 39. Bc6 {[%emt 0:00:30]} Kf6 {[%emt 0:00:30]} 40. Ke4 {[%emt 0:00:30]} Bg1 {[%emt 0:00:30]} 41. h3 {[%emt 0:00:30]} h5 {[%emt 0:00:30]} 42. Bd5 {[%emt 0:00:30]} Bd7 {[%emt 0:00:30]} 43. gxh5 {[%emt 0:00:30]} gxh5 {[%emt 0:00:30]} 44. d4 {[%emt 0:00:30]} Bf5+ {[%emt 0:00:30]} 45. Kf4 {[%emt 0:00:30]} Bxd4 {[%emt 0:00:30]} 46. Bf3 {[%emt 0:00:30]} h4 {[%emt 0:00:30]} 47. Bg4 {[%emt 0:00:30]} Be5+ {[%emt 0:00:30]} 48. Kf3 {[%emt 0:00:30]} Bc2 {[%emt 0:00:30]} 49. Bd7 {[%emt 0:00:30]} Bxb3 {[%emt 0:00:30]} 50. Bb5 {[%emt 0:00:30]} Bg3 {[%emt 0:00:30]} 51. Ke4 {[%emt 0:00:30]} Ke6 {[%emt 0:00:30]} 52. c5 {[%emt 0:00:30]} Bd5+ {[%emt 0:00:30]} 53. Ke3 {[%emt 0:00:30]} Bg2 {[%emt 0:00:30]} 0-1

[Event "Karpov Trophy XVI 2018"]
[Site "Cap d/^Agde"]
[Date "2018.10.30"]
[Round "5"]
[White "Jehan, Julien"]
[Black "Charbonneau, Pascal"]
[Result "1-0"]
[WhiteElo "1991"]
[BlackElo "2505"]
[Annotator "TA"]
[PlyCount "89"]
[EventDate "2018.10.27"]
[EventCountry "FRA"]
[SourceTitle "playchess.com"]
[Source "ChessBase"]
[SourceQuality "1"]

{[%evp 15,88,-12,-26,-13,-13,-13,-10,-12,-16,-15,27,-28,-16,-45,60,58,56,71,87,75,187,70,51,71,80,72,82,97,1591,654,787,809,781,615,619,144,148,135,787,751,774,670,868,863,1441,1411,1084,360,905,292,398,320,562,550,721,719,675,644,961,512,786,777,693,619,1262,1237,29989,29990,29990,29991,29995,29996,29998,29999,29999]} 1. d4 Nf6 2. Nf3 g6 3. Nc3 d5 4. Bf4 Bg7 5. Qd2 O-O 6. Bh6 c6 {D00: 1 d4 d5: Unusual lines} (6... Ne4 7. Qe3 Nxc3 8. Bxg7 Kxg7 9. Qxc3 Bf5 10. e3 Qd6 11. O-O-O Nd7 12. Nh4 Be6 13. f4 f5 14. h3 {1-0 (57) Jones,G (2665)-Tari,A (2584) Wijk aan Zee 2017}) 7. Bxg7 Kxg7 8. e3 Nbd7 {LiveBook: 4 Games. The position is equal.} 9. Be2 Ne4 $146 ({Predecessor:} 9... Qc7 10. O-O e5 11. dxe5 Nxe5 12. Nxe5 Qxe5 13. Qd4 Qxd4 14. exd4 {½-½ (65) Schulz,G (1874)-Krotofil,K (1976) Lueneburg 2016}) 10. Nxe4 dxe4 11. Ng5 Nf6 12. f3 Qd5 13. h4 (13. Nxe4 $142 Nxe4 14. fxe4 Qxe4 15. O-O) 13... exf3 $11 14. gxf3 {[%cal Bg2f3,Bf3e4,Be4e5][%mdl 32]} Rd8 ({Black should play} 14... c5 $15) 15. c4 $14 Qd6 16. O-O-O $1 b6 17. h5 $36 {[%mdl 2048] Black is under strong pressure.} h6 {[#]} (17... Nxh5 $16 18. Bd3 Nf6) 18. Ne4 (18. Nxf7 $1 $18 {[%mdl 512]} Kxf7 19. hxg6+ Kg7 20. e4) 18... Nxe4 19. fxe4 {aiming for e5.} g5 20. e5 Qc7 21. Rhf1 c5 $2 {[%mdl 8192] [#]} (21... f5 $16) 22. Qc2 (22. Rxf7+ $142 $3 {[%mdl 512]} Kxf7 23. Qc2) 22... e6 23. Rf6 cxd4 24. exd4 Bb7 25. Qd2 $2 (25. Rdf1 $18 {is the precise move to win.}) 25... Be4 $16 26. Rg1 Kf8 $2 {[%mdl 8192]} (26... Rac8 $16) 27. Rxh6 $18 Ke7 28. Rf1 Rf8 29. Rhf6 {Black must now prevent Qb4+.} Bf5 30. Qb4+ Ke8 31. b3 $2 (31. R1xf5 {Rxe6+! would kill now.} exf5 32. Bf3) 31... Rd8 $2 (31... a5 32. Qb5+ Ke7) 32. Rd1 $2 (32. R1xf5 {Threatens to win with Rxe6+!} exf5 33. Bf3) 32... Qb7 {intending ...Qe4.} 33. Qb5+ Ke7 $2 (33... Rd7 34. d5 a6) 34. d5 {Hoping for d6+.} Rd7 35. Bf3 {[%cal Be2f3,Bf3h1,Bh1c6][%mdl 32] d6+ is the strong threat.} Kd8 36. Qb4 Re8 37. Bh1 Qc7 (37... Qc8 $142 38. Rxf7 Qc5 39. Qxc5 bxc5) 38. d6 Qc8 39. Qb5 Rg8 40. Bc6 Rb7 41. d7 {White mates.} Qc7 42. Rxf7 a6 43. Qb4 {[%csl Gf7][%cal Rb4e7]} Qxc6 44. Qe7+ Kc7 45. d8=Q# {Precision: White = 47%, Black = 26%.} 1-0

[Event "Karpov Trophy XVI 2018"]
[Site "Cap d/^Agde"]
[Date "2018.10.31"]
[Round "6"]
[White "Onischuk, Alexander"]
[Black "Sumets, Andrey"]
[Result "1-0"]
[WhiteElo "2647"]
[BlackElo "2575"]
[Annotator "TA"]
[PlyCount "75"]
[EventDate "2018.10.27"]
[EventCountry "FRA"]
[SourceTitle "playchess.com"]
[Source "ChessBase"]
[SourceQuality "1"]

{[%evp 27,75,-43,-53,-76,-43,-69,-60,-55,-61,-62,-42,-62,0,0,0,-14,0,0,157,72,50,59,121,116,143,94,156,123,133,94,133,102,222,125,210,184,239,239,239,239,239,239,501,502,29991,29992,29992,29993,29993,29994]} 1. Nf3 d5 2. g3 Nf6 3. Bg2 e6 4. O-O Be7 5. d3 O-O 6. Nbd2 c5 7. e4 Nc6 8. Re1 b5 9. e5 Nd7 10. Nf1 b4 11. h4 a5 12. Bf4 a4 13. N1h2 {C00: Französische Verteidigung (Seltene Züge)} a3 14. b3 Bb7 {LiveBook: 3 Partien} 15. Rc1 {Schwarz steht etwas besser.} Rc8 16. Bh3 Re8 17. Ng5 Bxg5 18. hxg5 {[#]} Nd4 $146 ({Vorgänger:} 18... Nf8 19. Qh5 Nd4 20. Bg2 Re7 {0-1 (40) Duda,J (2707)-So,W (2810) Leon 2017}) 19. Bd2 Nb5 (19... Qb6 $15) 20. Bg2 $11 Nf8 21. Qh5 Ng6 22. Ng4 Nc3 $2 (22... Nd4 $11) 23. Bxc3 ({Besser ist} 23. Bf3 $1) 23... bxc3 $16 24. Kh2 Re7 ({Lieber} 24... Qc7 $1 $14) 25. Rh1 Kh8 26. f4 Qg8 (26... c4 $142) 27. Rb1 Rb8 28. Nf2 Rc7 29. Nd1 d4 (29... c4 $16) 30. Nf2 (30. Bxb7 $18 Rbxb7 31. Nf2) 30... Ne7 (30... Bd5 $16) 31. Bxb7 $1 $18 Rbxb7 (31... Rcxb7 $142 32. Ne4 Nd5) 32. Ne4 Nd5 33. Rbe1 {[%cal Bb1e1,Be1e2,Be2h2][%mdl 32]} Nb4 {[#]} 34. Re2 $1 Nxa2 $2 (34... Nd5 {war angesagt.} 35. Kg1 f5) 35. Kg1 g6 {[#]} (35... h6 $18 36. Nd6 (36. gxh6 g5 $14) 36... Nb4) 36. Qxh7+ $3 {[%mdl 512] Weiß setzt Matt.} Qxh7 37. Rxh7+ Kxh7 38. Rh2+ {Precision: Weiß = 70%, Schwarz = 27%.} 1-0

[Event "Karpov Trophy XVI 2018"]
[Site "Cap d/^Agde"]
[Date "2018.10.31"]
[Round "6"]
[White "Gozzoli, Yannick"]
[Black "Kravtsiv, Martyn"]
[Result "1-0"]
[WhiteElo "2612"]
[BlackElo "2654"]
[Annotator "TA"]
[PlyCount "81"]
[EventDate "2018.10.27"]
[EventCountry "FRA"]
[SourceTitle "playchess.com"]
[Source "ChessBase"]
[SourceQuality "1"]

{[%evp 18,81,11,3,42,40,42,35,37,42,33,28,17,12,18,8,8,9,8,8,10,10,9,9,25,18,21,20,23,37,36,29,53,22,45,45,120,120,120,111,111,111,154,107,111,113,126,118,162,164,162,132,369,367,375,349,378,363,356,343,516,493,29990,29991,29995,7]} 1. d4 {Babula,V} Nf6 2. c4 e6 3. Nf3 d5 4. Bg5 Nbd7 5. e3 h6 6. Bh4 Be7 7. Nc3 O-O 8. Qc2 c5 9. Rd1 cxd4 {D61: Queen's Gambit Declined: Classical: 7 Qc2} (9... Qa5 10. cxd5 Nxd5 11. Bxe7 Nxe7 12. Be2 Nf6 13. O-O cxd4 14. Rxd4 Nc6 15. Rd2 Bd7 16. Rfd1 Rfd8 17. Qb3 Rab8 {½-½ (49) So,W (2770)-Kramnik,V (2812) Leuven 2016}) 10. Nxd4 {LiveBook: 13 Games} dxc4 11. Bxc4 Nh5 $146 {White is slightly better.} ({Predecessor:} 11... Qb6 12. O-O Ne5 13. Be2 Bd7 14. Bg3 Nc6 15. Ndb5 Nb4 16. Qb3 a6 17. Nd6 {½-½ (53) Izoria,Z (2606)-Kulaots,K (2570) Saint Vincent 2005 CBM 110 [Babula,V]}) 12. Bxe7 Qxe7 13. O-O Nhf6 14. Be2 Nc5 15. Bf3 e5 16. Nf5 Bxf5 $1 17. Qxf5 g6 18. Qc2 e4 19. Be2 Rac8 20. Rd4 Rfd8 21. Rfd1 Rxd4 22. Rxd4 Ne6 23. Rc4 Rxc4 24. Bxc4 Nc7 25. Qd1 a6 26. Qd4 Ne6 (26... Kg7 $14) 27. Qe5 $16 Qc7 28. Qxf6 Qxc4 29. h4 Nc5 30. Qe5 Nd3 31. Qb8+ ({Reject} 31. Qxe4 $6 Nxb2 32. Qe8+ Kh7 $11) 31... Kg7 32. Qxb7 Qc5 33. Qxe4 Nxb2 34. Qc2 Qb4 $2 {[#]} (34... Nc4 $16 {is a better defense.} 35. Ne4 Qb4) 35. Nd5 $18 Qa3 36. Qe4 Qxa2 {and the idea ...Qa1+ leaves Black hopeful.} 37. Qe5+ Kg8 {intending ...Nd3.} 38. Nf6+ Kf8 (38... Kg7 $142 39. Ng4+ Kf8 40. Qh8+ (40. Nxh6 Nd3 $18) 40... Ke7 41. Qf6+ (41. Nxh6 Nd3 $16) 41... Kf8 42. Qd8+ Kg7 43. Qd4+ Kf8 44. Nxh6 Na4 45. Qd8+ Kg7 46. Qg8+ Kf6) 39. g4 Qb1+ (39... Nd1 $18) 40. Kg2 Nd3 41. Nd7+ {[%mdl 32768] Precision: White = 70%, Black = 44%. . Loss on Time!?} 1-0

[Event "Karpov Trophy XVI 2018"]
[Site "Cap d/^Agde"]
[Date "2018.10.31"]
[Round "6"]
[White "Moussard, Jules"]
[Black "Shchekachev, Andrei"]
[Result "1/2-1/2"]
[WhiteElo "2579"]
[BlackElo "2517"]
[Annotator "TA"]
[PlyCount "124"]
[EventDate "2018.10.27"]
[EventCountry "FRA"]
[SourceTitle "playchess.com"]
[Source "ChessBase"]
[SourceQuality "1"]

{[%evp 17,124,15,6,13,25,10,10,7,19,0,0,0,0,0,0,-8,3,0,0,-14,0,-16,0,-96,-97,-106,-78,-85,-81,-79,-77,-122,-89,-99,-89,-117,-118,-125,-125,-125,-125,-125,-127,-127,-127,-124,-126,-126,-118,-145,-132,-130,-116,-141,-141,-143,-141,-143,-139,-146,-142,-123,-120,-162,-158,-220,-200,-221,-203,-305,-295,-300,-220,-288,-260,-442,-428,-404,-410,-449,-449,-449,-449,-449,-449,-449,-449,-449,-449,-449,-449,-403,-368,-343,-302,-393,-129,-294,0,0,0,0,0,0,0,0,0,0,0]} 1. e4 c5 2. Nf3 e6 3. g3 Nc6 4. Bg2 Nf6 5. Nc3 d6 6. d4 cxd4 7. Nxd4 Bd7 8. O-O Be7 9. b3 O-O {LiveBook: 29 Games. B80: Sicilian Scheveningen: 6 g3 and 6 Be3, including English Attack} 10. a4 (10. Nce2 d5 11. exd5 exd5 12. Bb2 Rc8 13. Nf4 Bg4 14. Qd3 Bc5 15. h3 Bxd4 16. Bxd4 Bf5 17. Qd2 {1-0 (44) Piorun,K (2653)-Mista,A (2589) Zgierz 2018}) 10... Qa5 11. Bb2 a6 12. Nxc6 $146 ({Predecessor:} 12. Re1 Rac8 13. Nce2 Ne5 14. h3 {0-1 (32) Hernandez Leon,S (2133)-Martin Hernandez,R (2187) Tenerife 2013}) 12... Bxc6 13. Qd4 Rac8 14. Rfd1 Rfd8 15. h3 h6 16. Kh2 Bd7 17. Qe3 Rc7 18. Rd3 Rdc8 19. Rad1 Be8 20. Ne2 (20. Rc1 $11) 20... Rxc2 $17 21. Ba3 Ra2 22. Bxd6 Bxd6 23. Rxd6 Rcc2 24. Bf3 Bc6 25. Kg1 Qe5 26. Rd8+ Kh7 {[%cal Rf6e4]} 27. R8d2 Rxd2 ({And not} 27... Nxe4 28. Rxc2 Rxc2 29. Nd4 $16) 28. Rxd2 Rxd2 29. Qxd2 Bxe4 30. Qe3 {[#] Threatens to win with Nc3.} Qf5 31. Nd4 Qd5 32. Be2 Qc5 33. Qd2 Qd6 34. Qe3 g6 35. h4 Bd5 36. Bd1 Kg7 37. Qc3 e5 38. Nf3 Bc6 39. Be2 Nd7 40. h5 g5 $36 {[%mdl 2048] White is under strong pressure.} 41. Nd2 (41. Kf1 $17) 41... Qd4 $19 42. Qxd4 exd4 {[%mdl 4096] Endgame KBN-KBN} 43. f4 (43. a5 $142) 43... gxf4 44. gxf4 Nc5 45. Kf2 Ne4+ 46. Nxe4 $2 (46. Ke1) 46... Bxe4 {KB-KB} 47. a5 Kf6 48. Bc4 Kf5 49. Bxf7 Kxf4 50. Ke2 Ke5 51. b4 Kf6 52. Bc4 Bc6 {White must now prevent ...Bb5.} 53. Kd2 Ke5 54. Bf7 Bd5 55. Bg6 Be4 56. Be8 Kd6 $2 (56... Bf5 $19 {and Black stays clearly on top.} 57. Bf7 Ke4) 57. Bf7 $2 {[#]} (57. Ba4 $17) 57... Kc7 $2 (57... Bf5 $1 $19 58. Bb3 Be4) 58. Bg6 $11 {The position is equal.} Bf3 59. Kd3 b6 60. Kxd4 bxa5 61. bxa5 Kd6 62. Bd3 Bxh5 {Precision: White = 39%, Black = 68%.} 1/2-1/2

[Event "Karpov Trophy XVI 2018"]
[Site "Cap d/^Agde"]
[Date "2018.10.31"]
[Round "6"]
[White "David, Alberto"]
[Black "Strikovic, Aleksa"]
[Result "1/2-1/2"]
[WhiteElo "2561"]
[BlackElo "2490"]
[Annotator "TA"]
[PlyCount "47"]
[EventDate "2018.10.27"]
[EventCountry "FRA"]
[SourceTitle "playchess.com"]
[Source "ChessBase"]
[SourceQuality "1"]

{[%evp 10,47,69,-2,66,69,136,58,56,50,46,45,60,60,60,50,62,67,75,-26,92,89,66,61,64,60,60,60,73,80,75,55,56,56,59,37,44,47,38,30]} 1. e4 e5 2. Nf3 Nc6 3. Bb5 Bc5 4. c3 Nf6 5. d4 Bb6 6. Nxe5 {LiveBook: 21 Games. C64: Ruy Lopez: Classical Defence (3...Bc5) except 4 0-0 Nf6} O-O ({Black should try} 6... Nxe5 $11 7. dxe5 Nxe4) 7. Nd2 $14 Re8 $146 {[#]} ({Better is} 7... Qe7 $14) ({Predecessor:} 7... Qe8 8. Nd3 Nxe4 9. O-O Nxd2 10. Bxd2 d5 11. Ne5 Qe6 12. Re1 Nxe5 13. Rxe5 Qd6 {1-0 (56) Naiditsch,A (2685)-Golod,V (2602) Germany 2010}) 8. Nef3 ({Much weaker is} 8. Bxc6 $6 bxc6 9. O-O (9. Qb3 d5 $11) 9... Ba6 $11) (8. f4 $1 $16) 8... Nxe4 9. Nxe4 Rxe4+ 10. Be3 d6 11. Qc2 Re8 12. O-O Bg4 13. Ng5 g6 $1 14. Bd3 ({Much worse is} 14. Bxc6 $6 bxc6 15. Qd2 Bf5 $11) (14. Qd2 $16) 14... d5 (14... Rxe3 $1 $11 {remains equal.} 15. Nxf7 Kxf7 16. fxe3+ Kg7) 15. h3 $16 Bd7 16. Nf3 Ne7 17. Bg5 {[#] And now Qd2 would win.} Kg7 18. Ne5 {Threatens to win with Qc1.} f6 19. Bh6+ Kg8 20. Nxd7 Qxd7 {White is slightly better.} 21. Rfe1 c6 22. Re2 Bc7 23. Rae1 Kf7 24. Bc1 {Precision: White = 67%, Black = 53%.} 1/2-1/2

[Event "Karpov Trophy XVI 2018"]
[Site "Cap d/^Agde"]
[Date "2018.10.31"]
[Round "6"]
[White "Barseghyan, Harutyun"]
[Black "Fedorchuk, Sergey A."]
[Result "0-1"]
[WhiteElo "2466"]
[BlackElo "2607"]
[Annotator "TA"]
[PlyCount "58"]
[EventDate "2018.10.27"]
[EventCountry "FRA"]
[SourceTitle "playchess.com"]
[Source "ChessBase"]
[SourceQuality "1"]

{[%evp 17,57,18,16,7,9,10,31,-37,-20,-6,-18,-22,-40,-162,-164,-392,-381,-377,-368,-431,-425,-440,-450,-29984,-29985,-29985,-29986,-29983,-29984,-1548,-1349,-1322,-1282,-29994,-29995,-29997,-29996,-29996,-29995,-29997,-29998,-29999]} 1. d4 Nf6 2. Nf3 e6 3. Bf4 Be7 4. h3 c5 5. e3 cxd4 6. exd4 {A46: 1 d4 Nf6 2 Nf3 e6: Torre, London and Colle Systems} b6 7. Nbd2 O-O 8. c3 d6 (8... Bb7 9. Bd3 d6 10. O-O Nbd7 11. Qe2 a6 12. a4 Re8 13. Bh2 h6 14. Rfe1 Bf8 15. Nc4 Qc7 16. Ne3 Nd5 17. Nxd5 Bxd5 18. Bxa6 Bxf3 19. gxf3 {1-0 (34) Carlsen,M (2837)-Akobian,V (2647) Riadh 2017}) 9. Bd3 Ba6 {LiveBook: 6 Games} 10. Nc4 Nd5 $146 ({Predecessor:} 10... d5 11. Nce5 Bxd3 12. Qxd3 {0-1 (54) Kostenko,P (2445)-Vokhidov,S (2383) Astana 2017}) 11. Bg3 Qc7 12. Qe2 (12. Nfd2 $14) 12... Bxc4 13. Bxc4 Nxc3 $1 14. bxc3 {0-0 is the strong threat.} b5 $1 15. Qe4 ({White should try} 15. Nd2 $15 bxc4 16. Qxc4) 15... Qxc4 $19 16. Qxa8 $2 (16. Rc1 Nd7 17. Qb1) 16... Qxc3+ 17. Ke2 {And now Rhc1 would win.} Nc6 18. Qb7 {[#]} Qb2+ $1 19. Ke3 Bg5+ $1 20. Nxg5 (20. Bf4 $19 Qc3+ 21. Ke2 Bxf4 22. Rhb1) 20... Qc3+ 21. Kf4 Qxd4+ 22. Kf3 {[#]} Qd3+ $1 23. Kf4 h6 24. Bh4 Nd4 {( -> ...Ne2+)} (24... hxg5+ $2 25. Bxg5 Nd4 26. Rad1 $19) 25. Rae1 e5+ {Black mates.} 26. Kg4 Qf5+ 27. Kh5 g6+ 28. Kxh6 Qf6 {[%csl Gg8][%cal Rf6g7]} 29. g4 Qg7# 0-1

[Event "Karpov Trophy XVI 2018"]
[Site "Cap d/^Agde"]
[Date "2018.10.31"]
[Round "6"]
[White "Khademalsharieh, Sarasadat"]
[Black "Zachary, Matheo"]
[Result "1-0"]
[WhiteElo "2431"]
[BlackElo "2303"]
[Annotator "TA"]
[PlyCount "67"]
[EventDate "2018.10.27"]
[EventCountry "FRA"]
[SourceTitle "playchess.com"]
[Source "ChessBase"]
[SourceQuality "1"]

{[%evp 24,67,27,16,11,27,33,33,35,46,91,93,86,78,64,72,192,71,45,60,512,549,524,299,291,177,235,57,89,95,135,0,0,0,179,174,198,195,193,171,279,243,1982,1999,29996,29997]} 1. d4 d5 2. c4 c6 3. Nf3 Nf6 4. e3 Bf5 5. Nc3 e6 6. Nh4 Be4 7. f3 Bg6 8. Qb3 Qc7 9. Bd2 {D12: Slav Defence: 3 Nf3 Nf6 4 e3 Bf5} Be7 10. Nxg6 (10. O-O-O dxc4 11. Bxc4 a6 12. Be2 Nbd7 13. Nxg6 hxg6 14. Kb1 c5 15. d5 exd5 16. Nxd5 Nxd5 17. Qxd5 {0-1 (31) Karjakin,S (2773)-Caruana,F (2822) Saint Louis 2018}) 10... hxg6 11. cxd5 cxd5 12. O-O-O Nc6 13. Kb1 {LiveBook: 50 Games} a6 14. Rc1 O-O 15. Qd1 b5 16. g4 {[%cal Bg2g4,Bg4g5][%mdl 32]} Nd7 $146 ({Predecessor:} 16... Qd7) 17. h4 Nb6 18. g5 Nc4 19. f4 Qa5 {[#]} (19... Bb4 $16 {was called for.}) 20. Bxc4 (20. h5 $1 $18 {has better winning chances.}) 20... bxc4 $16 21. h5 {Threatens to win with Qg4.} Nb4 $2 {[%mdl 8192]} (21... Rab8 $14) 22. Qg4 $18 {And now hxg6 would win.} Qb6 23. Na4 Qc6 {next ...Nd3 is good for Black.} 24. Bxb4 Bxb4 25. Rh2 $2 (25. Qh3 $18 {Strongly threatening h6.} Rfe8 26. Nc3 (26. hxg6 fxg6 27. Qh7+ Kf7 $16)) 25... Rfb8 26. Qh3 Kf8 {[#]} ({Avoid the trap} 26... Qxa4 $2 27. hxg6 Kf8 28. Qh8+ Ke7 29. Qxg7 $18) 27. Nc3 (27. hxg6 $1 $16 {Qh8+ is the strong threat.} fxg6 28. Qh7) 27... Bxc3 28. Rxc3 Qa4 $2 (28... gxh5 $11 {and Black is okay.} 29. Qxh5 Ke7) 29. hxg6 {Black must now prevent Rhc2.} Qd1+ 30. Rc1 Qd3+ 31. Ka1 Qxg6 {[#]} (31... Qf5 {was necessary.} 32. Qh8+ Ke7 33. Qxg7 Qxg6 34. Qxg6 fxg6) 32. e4 $1 {[%mdl 512]} Qxe4 $2 (32... Ke7) (32... dxe4 33. Qa3+) 33. Qa3+ Ke8 34. Qd6 {Precision: White = 67%, Black = 23%.} 1-0

[Event "Karpov Trophy XVI 2018"]
[Site "Cap d/^Agde"]
[Date "2018.10.31"]
[Round "6"]
[White "Gautier, Anand"]
[Black "Ruksenas, Romas"]
[Result "1-0"]
[WhiteElo "2254"]
[BlackElo "1990"]
[Annotator "TA"]
[PlyCount "119"]
[EventDate "2018.10.27"]
[EventCountry "FRA"]
[SourceTitle "playchess.com"]
[Source "ChessBase"]
[SourceQuality "1"]

{[%evp 20,119,52,42,95,103,97,85,83,77,74,74,86,77,82,83,82,77,80,79,78,78,91,54,75,37,90,40,41,41,44,44,44,11,23,27,98,98,122,93,133,19,96,70,70,70,136,128,143,156,168,158,224,231,200,236,240,210,220,195,222,220,230,10,31,0,0,0,0,-4,0,0,0,0,0,0,9,9,29978,29979,29979,29980,29979,29972,29982,29983,29983,29983,29983,29984,29984,29985,29986,29987,29987,29988,29990,29990,29990,29991,29993,29994]} 1. e4 e6 2. d4 d5 3. Nc3 Bb4 4. e5 c5 5. a3 Bxc3+ 6. bxc3 Qc7 7. Qg4 f5 8. Qg3 cxd4 9. cxd4 Ne7 10. Bd2 {[%cal Bc1d2,Bd2b4,Bb4d6][%mdl 32]} O-O 11. Bd3 {LiveBook: 152 Games} Nbc6 {C18: French: 3 Nc3 Bb4: Main line: 7 h4 and 7 Qg4} (11... b6 $14) (11... b6 12. Ne2 Ba6 13. Nf4 Qd7 14. Bb4 Rf7 15. Bd6 Bxd3 16. Qxd3 Nc8 17. Bxb8 Rxb8 18. c4 Ne7 19. O-O Rd8 20. Rac1 {½-½ (20) Bok,B (2586)-Nikolic,P (2606) Netherlands 2015}) 12. Ne2 $16 Na5 13. Bb4 Nc4 {White is better.} 14. Bxc4 dxc4 15. Bd6 $146 ({Predecessor:} 15. O-O Rf7 16. Nc3 Qc6 17. Qh4 g5 18. Qh6 Bd7 19. f3 {½-½ (36) Brandt,S (2128)-Flatten,A (1964) Germany 2013}) 15... Qa5+ 16. Qc3 Qxc3+ 17. Nxc3 Rf7 18. Bxe7 Rxe7 19. Nb5 Bd7 20. Nd6 Bc6 21. O-O Bd5 22. c3 Rc7 ({Black should try} 22... g5 $14) 23. Rfb1 g5 24. f3 $36 {[%mdl 2048] White fights for an advantage.} h5 25. Kf2 g4 26. h3 Rg7 27. hxg4 hxg4 {[#]} (27... fxg4 $11 {keeps the balance.} 28. Ne4 Bxe4 29. fxe4 h4) 28. Rh1 $1 Rh7 29. Rxh7 Kxh7 {[%mdl 4096] Endgame KRB-KRN} 30. Rb1 (30. fxg4 $16 fxg4 31. Kg3) 30... b6 (30... a6 $1 $11) 31. fxg4 fxg4 32. Kg3 Rg8 (32... Rf8 $1 $14) 33. Rh1+ Kg7 34. Rh4 Rf8 35. Rxg4+ Kh7 (35... Kh6 $16 {was worth a try.} 36. Rh4+ Kg5) 36. Rh4+ $18 Kg7 {[#]} 37. Rf4 $1 Rh8 38. Rf7+ Kg6 39. Rxa7 Rh1 40. Nc8 Rc1 41. Nxb6 $2 (41. Ne7+ $18 Kg5 42. Nxd5 exd5 43. Rg7+ Kf5 44. Rf7+ Kg6 45. Rf3) 41... Rxc3+ $11 42. Kh2 Rd3 43. Rc7 Rxd4 44. a4 Rd2 45. Nxd5 ({But not} 45. Nxc4 $2 Rxg2+ 46. Kh3 Rc2 $19) 45... exd5 {KR-KR} 46. e6 Kf6 47. e7 Re2 48. Kg3 Rxe7 $2 {[%mdl 8192]} (48... Kf7 $11) 49. Rxe7 {White mates.} Kxe7 {KPP-KPP} 50. Kf2 Kd6 51. g4 d4 52. g5 Ke5 53. g6 Kf6 54. a5 Kxg6 {KPP-KP} 55. a6 Kf5 56. a7 Ke4 57. a8=Q+ Kd3 58. Qa2 Kc3 59. Ke2 d3+ 60. Ke3 {Precision: White = 65%, Black = 48%.} 1-0